000 00566nam a2200217Ia 4500
005 20240420151056.0
008 131103s9999 xx 000 0 und d
020 _cRs.120.00
040 _aLoreto College
041 _aEnglish
082 _a370.954
_bBAN
100 _aBanerjee, Jyoti Prasad
245 _aEducation in India
_cJyoti Prasad Banerjee
250 _a Past present future
260 _aCalcutta
_bCentral Library
_c1994
300 _aV.2
_b ill.
650 _aEducation-India
651 _aIndia - Education
850 _aLCBED
942 _cBK
999 _c25894
_d76373